[Event "25. Open Internacional de Parla 2010"]
[Site "Parla ESP"]
[Date "2010.09.08"]
[Round "5.8"]
[White "Barria Zuñiga, Daniel"]
[Black "Ballesteros Gonzalez, David"]
[Result "1/2-1/2"]
[WhiteElo "2419"]
[BlackElo "2196"]
[PlyCount "122"]
[EventDate "2010.09.04"]
[EventType "swiss"]
[EventRounds "9"]
[EventCountry "ESP"]
[Source "lmi"]
[SourceDate "2010.09.04"]

1. d4 d5 2. c4 c6 3. Nf3 Nf6 4. Nc3 dxc4 5. a4 Bf5 6. e3 e6 7. Bxc4 Bb4 8. O-O
Nbd7 9. Nh4 Bg6 10. Nxg6 hxg6 11. Qf3 g5 12. Rd1 Qc7 13. g3 g4 14. Qe2 Nb6 15.
Bb3 O-O-O 16. e4 e5 17. Be3 Nbd7 18. Bxf7 Bxc3 19. bxc3 Rh3 20. Be6 Rdh8 21.
Qc4 Rxh2 22. Kf1 Kb8 23. Bf5 Re8 24. Qf7 Nf8 25. Qxc7+ Kxc7 26. dxe5 g6 27.
exf6 gxf5 28. Kg1 Rh7 29. exf5 Nd7 30. Kg2 Nxf6 31. Rh1 Rf7 32. Bxa7 Nd5 33.
Bd4 Rxf5 34. Rh7+ Kc8 35. Rah1 c5 36. Rh8 Rxh8 37. Bxh8 Nb6 38. Re1 Nxa4 39.
Re4 b5 40. Rxg4 Rd5 41. c4 bxc4 42. Rxc4 Nb6 43. Rc1 Kd7 44. f4 Kc6 45. g4 Rd3
46. g5 Nd5 47. Be5 Ne7 48. Rh1 Kd5 49. Rh7 Ke6 50. Rh6+ Kf5 51. Rf6+ Kg4 52.
Kf2 Nd5 53. Rf8 Kh5 54. Rc8 Rd2+ 55. Ke1 Rc2 56. Rd8 Ne3 57. Rd3 Ng2+ 58. Kd1
Rf2 59. Rc3 Nxf4 60. Bxf4 Rxf4 61. Rxc5 Rg4 1/2-1/2

[Event "25. Open Internacional de Parla 2010"]
[Site "Parla ESP"]
[Date "2010.09.08"]
[Round "5.9"]
[White "Hernando Pertierra, Jose Carlos"]
[Black "Suarez Uriel, Adrian"]
[Result "1-0"]
[WhiteElo "2386"]
[BlackElo "2180"]
[PlyCount "85"]
[EventDate "2010.09.04"]
[EventType "swiss"]
[EventRounds "9"]
[EventCountry "ESP"]
[Source "lmi"]
[SourceDate "2010.09.04"]

1. Nf3 g6 2. d4 Nf6 3. Nc3 d5 4. Bf4 Bg7 5. Nb5 Na6 6. c3 O-O 7. e3 c6 8. Na3
Nc7 9. Be2 Ne4 10. h4 h6 11. Be5 f6 12. Bh2 b5 13. Nb1 Ne8 14. a4 N8d6 15. axb5
cxb5 16. Qb3 Be6 17. Nbd2 Bf7 18. Qc2 Qd7 19. g4 Qxg4 20. Bxd6 Nxd6 21. Ne5 Qf5
22. Qxf5 Nxf5 23. Nxf7 Rxf7 24. h5 g5 25. Bxb5 Rb8 26. Bd7 Nd6 27. Be6 Kf8 28.
Rxa7 f5 29. Bxf7 Kxf7 30. Ra2 f4 31. Ke2 e5 32. dxe5 Bxe5 33. Nf3 Bf6 34. exf4
gxf4 35. Rd1 Ne4 36. Rxd5 Rxb2+ 37. Rxb2 Nxc3+ 38. Kd3 Nxd5 39. Rb7+ Be7 40.
Ke4 Nf6+ 41. Kf5 Ke8 42. Ne5 Bd8 43. Nc6 1-0

[Event "25. Open Internacional de Parla 2010"]
[Site "Parla ESP"]
[Date "2010.09.08"]
[Round "5.10"]
[White "Elissalt Cardenas, Hector"]
[Black "Montañes Arribas, Adrian"]
[Result "1-0"]
[WhiteElo "2357"]
[BlackElo "2114"]
[PlyCount "51"]
[EventDate "2010.09.04"]
[EventType "swiss"]
[EventRounds "9"]
[EventCountry "ESP"]
[Source "lmi"]
[SourceDate "2010.09.04"]

1. d4 d5 2. Nc3 Nf6 3. Bg5 c6 4. e3 Nbd7 5. f4 e6 6. a3 Be7 7. Bd3 c5 8. Nf3 h6
9. Bh4 Ne4 10. Nxe4 Bxh4+ 11. Ng3 g6 12. c3 Bf6 13. Ne5 O-O 14. Bc2 Nxe5 15.
fxe5 Bg7 16. O-O b6 17. Qe2 Bb7 18. Rf4 Qc8 19. Qg4 b5 20. Raf1 Qd7 21. Rf6 b4
22. Nh5 gxh5 23. Qxh5 bxa3 24. bxa3 Ba6 25. R1f4 Qe8 26. Rg4 1-0

[Event "25. Open Internacional de Parla 2010"]
[Site "Parla ESP"]
[Date "2010.09.08"]
[Round "5.11"]
[White "Arauz Alonso, Fernando"]
[Black "Perez Gonzalez, Jose Manuel"]
[Result "0-1"]
[WhiteElo "2098"]
[BlackElo "2318"]
[PlyCount "134"]
[EventDate "2010.09.04"]
[EventType "swiss"]
[EventRounds "9"]
[EventCountry "ESP"]
[Source "lmi"]
[SourceDate "2010.09.04"]

1. e4 c5 2. f4 d5 3. exd5 Nf6 4. Nc3 Nxd5 5. Nxd5 Qxd5 6. Qf3 Qxf3 7. Nxf3 Nc6
8. Bb5 Bd7 9. b3 e6 10. Bb2 Bd6 11. g3 O-O 12. O-O Rfd8 13. Rae1 Nb4 14. Bxd7
Rxd7 15. c3 Nd3 16. Rb1 c4 17. bxc4 Rc8 18. Nd4 Rxc4 19. Rf3 Nxb2 20. Rxb2 Bc5
21. Kf1 Bxd4 22. cxd4 Rcxd4 23. Ke2 Rc4 24. f5 exf5 25. Rxf5 g6 26. Rfb5 b6 27.
d3 Rcd4 28. R5b3 h5 29. a3 h4 30. Rc3 hxg3 31. hxg3 Re7+ 32. Kf3 Rd6 33. a4
Rf6+ 34. Kg2 Rd7 35. Ra3 Rfd6 36. Rd2 Kf8 37. a5 b5 38. a6 Rb6 39. Rb2 b4 40.
Rab3 Rxa6 41. Rxb4 Rxd3 42. Rb8+ Kg7 43. R8b3 Rxb3 44. Rxb3 f5 45. Kf3 Ra4 46.
Rc3 Kf6 47. Rc6+ Kg5 48. Rc5 Ra3+ 49. Kf2 a5 50. Kg2 a4 51. Kf2 Ra1 52. Kg2 Rb1
53. Rc4 a3 54. Ra4 Rb2+ 55. Kf3 a2 56. Ra6 Kh5 57. Ra5 g5 58. g4+ Kh4 59. gxf5
g4+ 60. Ke4 g3 61. Ra8 g2 62. Rh8+ Kg3 63. Rg8+ Kf2 64. f6 a1=Q 65. f7 Rb4+ 66.
Kf5 Qa5+ 67. Kf6 Rf4+ 0-1

[Event "25. Open Internacional de Parla 2010"]
[Site "Parla ESP"]
[Date "2010.09.08"]
[Round "5.12"]
[White "Cerrato Torrijos, Maria"]
[Black "Rodriguez Lopez, Rafael"]
[Result "1-0"]
[WhiteElo "2055"]
[BlackElo "2314"]
[PlyCount "95"]
[EventDate "2010.09.04"]
[EventType "swiss"]
[EventRounds "9"]
[EventCountry "ESP"]
[Source "lmi"]
[SourceDate "2010.09.04"]

1. e4 c5 2. Nc3 d6 3. Nf3 a6 4. d4 cxd4 5. Nxd4 Nf6 6. h3 e6 7. g4 d5 8. Nde2
Bb4 9. Bg2 O-O 10. exd5 Nxd5 11. O-O Nxc3 12. Nxc3 Nc6 13. Be3 Qc7 14. Na4 Ba5
15. a3 Rd8 16. Qe2 Nd4 17. Bxd4 Rxd4 18. b4 Bd7 19. Nc5 Bb5 20. Qe3 Bxf1 21.
Qxd4 Bxg2 22. Kxg2 Bb6 23. Qd7 Rc8 24. Rd1 Bxc5 25. bxc5 g5 26. Rd6 Kg7 27. c6
bxc6 28. Qxc7 Rxc7 29. c4 Kf6 30. c5 Ke5 31. a4 a5 32. h4 gxh4 33. Kh3 Kf4 34.
Kxh4 Kf3 35. Kg5 Kxf2 36. Kf6 Kf3 37. g5 Ke4 38. Rd8 Rb7 39. Rh8 Rb1 40. Rxh7
Rf1+ 41. Ke7 Rf5 42. Rxf7 Rxg5 43. Kd6 e5 44. Kxc6 Kd4 45. Kb6 e4 46. c6 Rc5
47. Rd7+ Kc4 48. Re7 1-0

[Event "25. Open Internacional de Parla 2010"]
[Site "Parla ESP"]
[Date "2010.09.08"]
[Round "5.13"]
[White "Rodriguez Dorado, Victor Manuel"]
[Black "Longa Yauca, Javier"]
[Result "0-1"]
[WhiteElo "1923"]
[BlackElo "2313"]
[PlyCount "120"]
[EventDate "2010.09.04"]
[EventType "swiss"]
[EventRounds "9"]
[EventCountry "ESP"]
[Source "lmi"]
[SourceDate "2010.09.04"]

1. c4 Nf6 2. Nc3 e5 3. g3 c6 4. d3 d5 5. Bg5 d4 6. Bxf6 gxf6 7. Ne4 f5 8. Nd2
Be6 9. a3 a5 10. Ngf3 Nd7 11. Bg2 Be7 12. O-O h5 13. e3 dxe3 14. fxe3 h4 15.
Qe1 Nc5 16. d4 Nd3 17. Qe2 e4 18. Ne5 Nxe5 19. dxe5 hxg3 20. hxg3 a4 21. g4 Bh4
22. gxf5 Bg3 23. Rfd1 Bxf5 24. Nxe4 Qh4 25. Nd6+ Kf8 26. Nxf5 Bh2+ 27. Kf1 Qg5
28. Qf3 Bxe5 29. Rd7 Rh2 30. Nd4 Bf6 31. Kf2 Re8 32. Re1 c5 33. Kg1 Rxg2+ 34.
Qxg2 cxd4 35. Qxg5 Bxg5 36. Rf1 Bxe3+ 37. Kg2 Re7 38. Rxe7 Kxe7 39. Rf5 Ke6 40.
Rb5 f5 41. Kf3 Bc1 42. Ke2 f4 43. Rxb7 Kd6 44. Rb5 Kc6 45. Kd1 Be3 46. Ra5 f3
47. Rf5 f2 48. Kc2 Kd6 49. Kd3 Kc6 50. Kc2 Kd6 51. b4 axb3+ 52. Kxb3 Ke6 53.
Rf8 Ke5 54. a4 Bf4 55. Re8+ Kf5 56. Rf8+ Ke4 57. Re8+ Kf3 58. a5 f1=Q 59. a6
Qb1+ 60. Ka4 Bd6 0-1

[Event "25. Open Internacional de Parla 2010"]
[Site "Parla ESP"]
[Date "2010.09.08"]
[Round "5.14"]
[White "Sanchez Gonzalez, Sergio"]
[Black "Aziz Ortego, Omar Luis"]
[Result "1-0"]
[WhiteElo "2288"]
[BlackElo "2080"]
[PlyCount "67"]
[EventDate "2010.09.04"]
[EventType "swiss"]
[EventRounds "9"]
[EventCountry "ESP"]
[Source "lmi"]
[SourceDate "2010.09.04"]

1. e4 e6 2. d4 d5 3. Nc3 Bb4 4. Nge2 dxe4 5. a3 Bxc3+ 6. Nxc3 f5 7. Bf4 Nf6 8.
Bc4 c6 9. g4 Nd5 10. Bxd5 exd5 11. gxf5 O-O 12. Rg1 Rxf5 13. Qd2 Be6 14. O-O-O
Nd7 15. Ne2 Qf6 16. Ng3 Rf8 17. Nxf5 Qxf5 18. Be3 Nf6 19. Qb4 b6 20. Rg5 Qh3
21. Rdg1 Rf7 22. Qd6 h6 23. R5g3 Qf5 24. Bxh6 Nh5 25. Rg5 Qh3 26. Rxh5 Qxh5 27.
Qxe6 Kh7 28. Be3 Qxh2 29. Rg3 Kg8 30. Qh3 Qxh3 31. Rxh3 Rf6 32. Kd2 Rg6 33. Rg3
Re6 34. Bf4 1-0

[Event "25. Open Internacional de Parla 2010"]
[Site "Parla ESP"]
[Date "2010.09.08"]
[Round "5.15"]
[White "Quintero Torres, Pedro"]
[Black "Ramirez Garcia, Jorge Alberto"]
[Result "1/2-1/2"]
[WhiteElo "2006"]
[BlackElo "2246"]
[PlyCount "143"]
[EventDate "2010.09.04"]
[EventType "swiss"]
[EventRounds "9"]
[EventCountry "ESP"]
[Source "lmi"]
[SourceDate "2010.09.04"]

1. e4 e6 2. d4 d5 3. Nc3 Nf6 4. Bd3 c5 5. Nf3 cxd4 6. Nxd4 Nc6 7. Bb5 Bd7 8.
exd5 exd5 9. O-O Be7 10. Bg5 O-O 11. h3 a6 12. Be2 h6 13. Bh4 Rc8 14. Nxc6 Bxc6
15. Bf3 d4 16. Bxf6 Bxf6 17. Ne4 Be5 18. Nd2 Bb5 19. Re1 Bb8 20. Nb3 Rc4 21. g3
Qc8 22. Nxd4 Rd8 23. c3 Ba7 24. Bg2 Bxd4 25. cxd4 Rdxd4 26. Qf3 Bc6 27. Qe3
Bxg2 28. Kxg2 Qc6+ 29. Qf3 Rd2 30. Qxc6 bxc6 31. Rac1 Rxc1 32. Rxc1 Rxb2 33. a4
Rb4 34. a5 Rb5 35. Rxc6 Rxa5 36. Rc7 Rd5 37. Ra7 a5 38. h4 g6 39. Ra8+ Kg7 40.
Ra6 h5 41. Kh3 Rf5 42. Kg2 Kf8 43. f3 Ke7 44. g4 Rd5 45. Kg3 Kd7 46. Rf6 Ke7
47. Ra6 hxg4 48. fxg4 Rd3+ 49. Kf4 Rd4+ 50. Kg3 a4 51. h5 gxh5 52. gxh5 Kf8 53.
h6 Kg8 54. Ra7 f5 55. Rg7+ Kh8 56. Ra7 Rg4+ 57. Kf3 Rh4 58. Rf7 a3 59. Ra7 Rxh6
60. Kf4 Rf6 61. Rxa3 Kg7 62. Rg3+ Kf7 63. Ra3 Kg7 64. Ra5 Kg6 65. Ra8 Rb6 66.
Rg8+ Kf6 67. Rf8+ Kg6 68. Rg8+ Kf7 69. Rg5 Rb4+ 70. Kxf5 Rb5+ 71. Kg4 Rxg5+ 72.
Kxg5 1/2-1/2

[Event "25. Open Internacional de Parla 2010"]
[Site "Parla ESP"]
[Date "2010.09.08"]
[Round "5.16"]
[White "Ledo Galan, Jose Emilio"]
[Black "Prieto Martin, Alfonso"]
[Result "0-1"]
[WhiteElo "1963"]
[BlackElo "2170"]
[PlyCount "130"]
[EventDate "2010.09.04"]
[EventType "swiss"]
[EventRounds "9"]
[EventCountry "ESP"]
[Source "lmi"]
[SourceDate "2010.09.04"]

1. e4 Nf6 2. Nc3 d5 3. exd5 Nxd5 4. Bc4 Nb6 5. Bb3 Nc6 6. d3 Bf5 7. Nf3 e6 8.
h3 Be7 9. Be3 O-O 10. Qe2 Nd5 11. Bd2 Bf6 12. O-O Bg6 13. Rfe1 Bh5 14. g4 Bg6
15. Rab1 Nd4 16. Nxd4 Bxd4 17. Nxd5 exd5 18. Qf3 c6 19. Be3 Bb6 20. Bxb6 Qxb6
21. Re7 Rae8 22. Rbe1 Qd8 23. Qe3 Rxe7 24. Qxe7 Qxe7 25. Rxe7 Rb8 26. f4 Kf8
27. Re3 f6 28. Kf2 Re8 29. f5 Rxe3 30. Kxe3 Bf7 31. c4 dxc4 32. Bxc4 Ke7 33.
Kd4 Be8 34. Bg8 h6 35. b4 Kd6 36. a4 b6 37. Ke4 c5 38. b5 Bd7 39. h4 Bc8 40.
Bc4 Bb7+ 41. Kf4 Bg2 42. g5 hxg5+ 43. hxg5 fxg5+ 44. Kxg5 Ke5 45. Kg6 Bh3 46.
Be6 Bg4 47. Kg5 Be2 48. Bc4 Kd4 49. Kg6 Bg4 50. Kg5 Bh3 51. Kg6 Ke3 52. Kg5 Bf1
53. Kg6 Kf4 54. Kxg7 Kxf5 55. Kf7 Ke5 56. d4+ Kxd4 57. Bxf1 c4 58. Bh3 c3 59.
Bf5 Ke3 60. Ke6 Kd2 61. Kd5 c2 62. Bxc2 Kxc2 63. Kc4 Kb2 64. Kb4 Kc2 65. a5 Kd3
0-1

[Event "25. Open Internacional de Parla 2010"]
[Site "Parla ESP"]
[Date "2010.09.08"]
[Round "5.17"]
[White "Martin Espeja, Jorge Juan"]
[Black "Gonzalez Tedin, Antonio"]
[Result "0-1"]
[WhiteElo "1884"]
[BlackElo "2156"]
[PlyCount "102"]
[EventDate "2010.09.04"]
[EventType "swiss"]
[EventRounds "9"]
[EventCountry "ESP"]
[Source "lmi"]
[SourceDate "2010.09.04"]

1. e4 c5 2. c3 Nf6 3. e5 Nd5 4. d4 cxd4 5. cxd4 d6 6. f4 Bf5 7. Qb3 Nb6 8. Nf3
e6 9. Bb5+ N8d7 10. O-O Be7 11. Nc3 O-O 12. Be3 Rc8 13. Rac1 Nb8 14. d5 dxe5
15. fxe5 exd5 16. Kh1 Be6 17. Nd4 Nc6 18. Bxc6 bxc6 19. Nce2 c5 20. Nxe6 fxe6
21. Nf4 Qd7 22. Rf3 Nc4 23. Rcf1 Nxe3 24. Qxe3 Bg5 25. g3 Bxf4 26. gxf4 Qa4 27.
Rg1 d4 28. Qe4 Qc6 29. Qxc6 Rxc6 30. Ra3 a6 31. Rb3 Rxf4 32. Rb8+ Rf8 33. Rb7
g6 34. h4 Rf4 35. Rg3 Rxh4+ 36. Kg2 Rf4 37. Rgb3 Rf7 38. Rxf7 Kxf7 39. Rb7+ Kg8
40. Kf3 c4 41. Kg4 Rc5 42. Kg5 Rxe5+ 43. Kf6 Rf5+ 44. Kxe6 d3 45. Rd7 Rf2 46.
b3 cxb3 47. Rxd3 b2 48. Rb3 h5 49. a4 h4 50. Rb8+ Kg7 51. Rb7+ Kh6 0-1

[Event "25. Open Internacional de Parla 2010"]
[Site "Parla ESP"]
[Date "2010.09.08"]
[Round "5.18"]
[White "Lozano Sanchez, Jose Antonio"]
[Black "Ramos Aldoradin, John Paul"]
[Result "0-1"]
[WhiteElo "1914"]
[BlackElo "2126"]
[PlyCount "104"]
[EventDate "2010.09.04"]
[EventType "swiss"]
[EventRounds "9"]
[EventCountry "ESP"]
[Source "lmi"]
[SourceDate "2010.09.04"]

1. e4 e6 2. Nf3 d5 3. exd5 exd5 4. d4 Bd6 5. Bd3 Ne7 6. O-O O-O 7. c3 Bf5 8.
Be3 c6 9. Qc2 Bxd3 10. Qxd3 Ng6 11. Nbd2 Qd7 12. Rfe1 Na6 13. Nf1 Nc7 14. Ng3
f5 15. Ne2 f4 16. Bd2 Qf7 17. Kf1 Qf6 18. Neg1 Rae8 19. Rxe8 Rxe8 20. Re1 Rxe1+
21. Kxe1 Nh8 22. g3 Nf7 23. Kf1 Ne6 24. Qe2 Kf8 25. Kg2 g5 26. g4 h5 27. h3
hxg4 28. hxg4 Qg6 29. Ne1 Ke7 30. Qd3 Nf8 31. Qxg6 Nxg6 32. f3 b6 33. Ne2 Nd8
34. Nd3 Ne6 35. Be1 Kd7 36. Kf2 c5 37. b3 Bf8 38. b4 cxb4 39. cxb4 Bg7 40. Bc3
Nd8 41. Ndc1 Nf8 42. Nb3 Nfe6 43. Ke1 Nb7 44. Kd2 Nd6 45. Kd3 Nc4 46. b5 Na3
47. Bb4 Nxb5 48. a4 Nbc7 49. Nc3 Bf6 50. a5 Kc6 51. axb6 axb6 52. Na4 Kb5 0-1

[Event "25. Open Internacional de Parla 2010"]
[Site "Parla ESP"]
[Date "2010.09.08"]
[Round "5.19"]
[White "Garcia Lopez, Luis Manuel"]
[Black "Moreno Ibañez, Miguel"]
[Result "0-1"]
[WhiteElo "2094"]
[BlackElo "1957"]
[PlyCount "88"]
[EventDate "2010.09.04"]
[EventType "swiss"]
[EventRounds "9"]
[EventCountry "ESP"]
[Source "lmi"]
[SourceDate "2010.09.04"]

1. e4 g6 2. d4 Bg7 3. f4 c5 4. c3 cxd4 5. cxd4 d5 6. e5 Nc6 7. Nc3 Nh6 8. Nf3
Bg4 9. Bb5 O-O 10. O-O Nf5 11. Bxc6 bxc6 12. Na4 Nh4 13. Qe1 Nxf3+ 14. gxf3 Bh3
15. Rf2 Rb8 16. Rc2 Qd7 17. Bd2 Qf5 18. Rac1 Qd3 19. Be3 Rfc8 20. Rc3 Qa6 21.
b3 Bf8 22. Qd2 e6 23. Nc5 Qb5 24. Kf2 Be7 25. Kg3 Bf5 26. Kg2 h5 27. Bf2 h4 28.
Be3 h3+ 29. Kg1 Rd8 30. Bf2 Qa5 31. Qe1 Rb5 32. a4 Rbb8 33. Bh4 Bxc5 34. dxc5
d4 35. Bf6 g5 36. fxg5 Kf8 37. Qh4 Ke8 38. Rc4 Qd2 39. Qf2 Qxf2+ 40. Kxf2 Rd5
41. b4 Bd3 42. Ke1 a5 43. bxa5 Bxc4 44. Rxc4 d3 0-1

[Event "25. Open Internacional de Parla 2010"]
[Site "Parla ESP"]
[Date "2010.09.08"]
[Round "5.20"]
[White "Prieto Velasco, Rafael"]
[Black "Piña Sierra, Jesus"]
[Result "1/2-1/2"]
[WhiteElo "1758"]
[BlackElo "2013"]
[PlyCount "36"]
[EventDate "2010.09.04"]
[EventType "swiss"]
[EventRounds "9"]
[EventCountry "ESP"]
[Source "lmi"]
[SourceDate "2010.09.04"]

1. d4 Nf6 2. c4 g6 3. Nc3 d5 4. Bf4 Bg7 5. Rc1 O-O 6. e3 c5 7. dxc5 Qa5 8. cxd5
Ne4 9. Nge2 Nxc5 10. a3 Ne4 11. Qa4 Qxa4 12. Nxa4 e5 13. dxe6 Bxe6 14. Nac3 Nc5
15. Ng3 Nb3 16. Rc2 Na1 17. Rc1 Nb3 18. Rc2 Na1 1/2-1/2

[Event "25. Open Internacional de Parla 2010"]
[Site "Parla ESP"]
[Date "2010.09.08"]
[Round "5.21"]
[White "Vargas Huamani, Juan Carlos"]
[Black "Garcia-Ruiz Fuentes, Marcos"]
[Result "1-0"]
[WhiteElo "2013"]
[BlackElo "1749"]
[PlyCount "63"]
[EventDate "2010.09.04"]
[EventType "swiss"]
[EventRounds "9"]
[EventCountry "ESP"]
[Source "lmi"]
[SourceDate "2010.09.04"]

1. e4 c5 2. Nf3 d6 3. d4 cxd4 4. Nxd4 Nf6 5. Nc3 a6 6. Bg5 e6 7. f4 Qc7 8. Qf3
b5 9. O-O-O Nbd7 10. Bd3 Bb7 11. Rhe1 Nc5 12. a3 Be7 13. Bxf6 Bxf6 14. Bxb5+
axb5 15. Ndxb5 Qb8 16. Nxd6+ Kf8 17. Qh5 g6 18. Qxc5 Be7 19. Qb6 Ba6 20. Qxb8+
Rxb8 21. e5 Kg7 22. Nce4 Rb6 23. b3 Ra8 24. Kb2 Bb7 25. g3 Bd5 26. c4 Bxe4 27.
Rxe4 Rba6 28. a4 Rb8 29. Nb5 Bc5 30. Rd7 Kf8 31. Re2 Ke8 32. Nc7+ 1-0

[Event "25. Open Internacional de Parla 2010"]
[Site "Parla ESP"]
[Date "2010.09.08"]
[Round "5.22"]
[White "Ortega Ruiz, Jose Miguel"]
[Black "Alcazar Mata, Jesus"]
[Result "1-0"]
[WhiteElo "2278"]
[BlackElo "1666"]
[PlyCount "47"]
[EventDate "2010.09.04"]
[EventType "swiss"]
[EventRounds "9"]
[EventCountry "ESP"]
[Source "lmi"]
[SourceDate "2010.09.04"]

1. e4 e5 2. Nf3 Nc6 3. Bb5 a6 4. Ba4 Nf6 5. O-O Be7 6. Re1 b5 7. Bb3 d6 8. h3
Na5 9. c3 Nxb3 10. axb3 c5 11. d4 cxd4 12. cxd4 Qc7 13. Bd2 O-O 14. Ba5 Qb8 15.
Nc3 Bd8 16. Bxd8 Rxd8 17. dxe5 Ne8 18. Nd5 Be6 19. Ne7+ Kf8 20. Nc6 Qc7 21.
Nxd8 Rxd8 22. Ng5 h6 23. Nxe6+ fxe6 24. Rxa6 1-0

[Event "25. Open Internacional de Parla 2010"]
[Site "Parla ESP"]
[Date "2010.09.08"]
[Round "5.23"]
[White "Gomez Feria, Jose Maria"]
[Black "Sanchez-Guijaldo Vela, Demetrio"]
[Result "0-1"]
[WhiteElo "1895"]
[BlackElo "2128"]
[PlyCount "96"]
[EventDate "2010.09.04"]
[EventType "swiss"]
[EventRounds "9"]
[EventCountry "ESP"]
[Source "lmi"]
[SourceDate "2010.09.04"]

1. Nf3 f5 2. d4 g6 3. c4 Bg7 4. Nc3 Nf6 5. Bd2 d6 6. g3 c6 7. Bg2 Qc7 8. Rc1 e5
9. dxe5 dxe5 10. e3 O-O 11. O-O Be6 12. b3 h6 13. h4 Nbd7 14. Re1 e4 15. Nd4
Bf7 16. h5 Nxh5 17. g4 fxg4 18. Qxg4 Nhf6 19. Qh3 Rfe8 20. Qh1 Qe5 21. Nde2 Nc5
22. Rc2 Nd3 23. Rf1 a5 24. Ng3 Nc5 25. Nce2 Qg5 26. Bc3 h5 27. Rd1 Ng4 28. Bxg7
Kxg7 29. Nc3 Nxe3 30. fxe3 Qxg3 31. Re2 Rad8 32. Rde1 Rd3 33. Nd1 Rd2 34. Nf2
Rxe2 35. Rxe2 Nd3 36. Qh3 Qg5 37. Kh2 Nxf2 38. Rxf2 Be6 39. Qg3 Qxg3+ 40. Kxg3
Bf5 41. Rd2 Kf6 42. Rd6+ Ke5 43. Rd4 g5 44. c5 h4+ 45. Kh2 g4 46. Ra4 g3+ 47.
Kg1 h3 48. Rxa5 Rd8 0-1

[Event "25. Open Internacional de Parla 2010"]
[Site "Parla ESP"]
[Date "2010.09.08"]
[Round "5.24"]
[White "Rodriguez Bachiller, Luis"]
[Black "Villar Perez, Samuel"]
[Result "0-1"]
[WhiteElo "1903"]
[BlackElo "2087"]
[PlyCount "76"]
[EventDate "2010.09.04"]
[EventType "swiss"]
[EventRounds "9"]
[EventCountry "ESP"]
[Source "lmi"]
[SourceDate "2010.09.04"]

1. Nf3 Nf6 2. c4 c5 3. Nc3 d5 4. cxd5 Nxd5 5. g3 Nc6 6. Bg2 Nc7 7. O-O e5 8. d3
Be7 9. Bd2 O-O 10. Rc1 b6 11. Nxe5 Nxe5 12. Bxa8 Nxa8 13. Bf4 Nc6 14. Ne4 Bb7
15. a3 Qd7 16. f3 Nc7 17. Bxc7 Qxc7 18. Kf2 Qd7 19. Qa4 f5 20. Nc3 Kh8 21. Nd1
a6 22. Ne3 b5 23. Qd1 Bg5 24. f4 Be7 25. a4 Bf6 26. axb5 axb5 27. Nc2 Re8 28.
e3 Qd5 29. Rg1 h6 30. Ne1 Nb4 31. Qd2 Bxb2 32. Rb1 Bf6 33. Kf1 Ra8 34. Rd1 Ra2
35. Qc1 Rxh2 36. e4 fxe4 37. dxe4 Qxe4 38. Qxc5 Qe2# 0-1

[Event "25. Open Internacional de Parla 2010"]
[Site "Parla ESP"]
[Date "2010.09.08"]
[Round "5.25"]
[White "Cortes Jurado, Rafael"]
[Black "Pablos Tenrero, Raquel"]
[Result "1-0"]
[WhiteElo "2083"]
[BlackElo "1884"]
[PlyCount "95"]
[EventDate "2010.09.04"]
[EventType "swiss"]
[EventRounds "9"]
[EventCountry "ESP"]
[Source "lmi"]
[SourceDate "2010.09.04"]

1. d4 d5 2. c4 c6 3. Nc3 Nf6 4. Nf3 e6 5. Bg5 Nbd7 6. e3 Qa5 7. Nd2 Bb4 8. Qc2
O-O 9. Bh4 c5 10. Be2 cxd4 11. exd4 dxc4 12. O-O Qb6 13. a3 Be7 14. Nxc4 Qxd4
15. Bg3 a6 16. Rad1 Qa7 17. Bf3 Nb6 18. Nd6 Nbd5 19. Nxd5 Nxd5 20. Rfe1 Bxd6
21. Bxd6 Rd8 22. Be7 Re8 23. Bc5 b6 24. Bxd5 bxc5 25. Bxa8 Qxa8 26. Qxc5 Bb7
27. Qg5 h6 28. Qg3 Bd5 29. Rc1 Qb7 30. b4 Qb6 31. h3 Qd4 32. Qe3 Qf6 33. Rc5
Rd8 34. Rec1 Qg6 35. Qg3 Qxg3 36. fxg3 f6 37. Rc8 Rxc8 38. Rxc8+ Kf7 39. a4 e5
40. Rc7+ Ke6 41. Rxg7 e4 42. Kf2 Ke5 43. Ke3 Bb3 44. Re7+ Kf5 45. g4+ Kg6 46.
a5 Bc4 47. Rb7 Bf1 48. b5 1-0

[Event "25. Open Internacional de Parla 2010"]
[Site "Parla ESP"]
[Date "2010.09.08"]
[Round "5.26"]
[White "Ruiz Sanchez, Roberto"]
[Black "Martin Garcia, Guillermo"]
[Result "1/2-1/2"]
[WhiteElo "2079"]
[BlackElo "1863"]
[PlyCount "57"]
[EventDate "2010.09.04"]
[EventType "swiss"]
[EventRounds "9"]
[EventCountry "ESP"]
[Source "lmi"]
[SourceDate "2010.09.04"]

1. e4 e5 2. Nf3 Nc6 3. Bb5 a6 4. Ba4 Nf6 5. O-O d6 6. c3 Bg4 7. h3 Bh5 8. d3
Be7 9. Re1 O-O 10. Nbd2 h6 11. Nf1 Nh7 12. g4 Bg6 13. Ng3 Ng5 14. Kh2 Nxf3+ 15.
Qxf3 Kh8 16. Rg1 Bg5 17. Nf5 Bxf5 18. gxf5 Bxc1 19. Raxc1 Qf6 20. Qe3 Rae8 21.
Rg4 Rb8 22. Rcg1 Rg8 23. Qg3 Rbd8 24. Bb3 Na5 25. Bd5 Nc6 26. b4 Rb8 27. a4 Ne7
28. Bb3 c6 29. Qh4 1/2-1/2

[Event "25. Open Internacional de Parla 2010"]
[Site "Parla ESP"]
[Date "2010.09.08"]
[Round "5.27"]
[White "Suarez Sanchez, Esperanza"]
[Black "Martin Duque, Jesus"]
[Result "0-1"]
[WhiteElo "1844"]
[BlackElo "2073"]
[PlyCount "104"]
[EventDate "2010.09.04"]
[EventType "swiss"]
[EventRounds "9"]
[EventCountry "ESP"]
[Source "lmi"]
[SourceDate "2010.09.04"]

1. d4 d5 2. c4 c6 3. Nc3 Nf6 4. Nf3 dxc4 5. g3 b5 6. Bg2 e6 7. O-O Be7 8. a3 a6
9. Ne5 Bb7 10. h4 O-O 11. e4 c5 12. dxc5 Bxc5 13. Qe2 Bd4 14. Ng4 Nxg4 15. Qxg4
Bxc3 16. bxc3 f5 17. exf5 exf5 18. Qf4 Bxg2 19. Kxg2 Qd5+ 20. Kg1 Nc6 21. Be3
Ne5 22. Rfd1 Nd3 23. Rxd3 cxd3 24. Bd4 Rae8 25. Rd1 Qc4 26. Qg5 Rf7 27. Qd2
Rfe7 28. Qg5 Qb3 29. Rd2 Qd5 30. Be3 Rc7 31. Qh5 g6 32. Qg5 Rxc3 33. Rd1 Qf3
34. Rf1 Rc6 35. Rb1 Rce6 36. Bd2 Re2 37. Rf1 Qg4 38. Qh6 Rc8 39. Bb4 f4 40. Bd6
fxg3 41. Bxg3 d2 42. h5 Re1 43. Qxd2 Rxf1+ 44. Kxf1 Qxh5 45. Kg2 Qf5 46. Qd6
Qe4+ 47. Kh2 Qc6 48. Qe7 Re8 49. Qg5 Re1 50. f3 Qc2+ 51. Kh3 Rh1+ 52. Kg4 Qc4+
0-1

[Event "25. Open Internacional de Parla 2010"]
[Site "Parla ESP"]
[Date "2010.09.08"]
[Round "5.28"]
[White "Morona Minguez, Irene"]
[Black "Cabañas Bravo, Juan Andres"]
[Result "1-0"]
[WhiteElo "1815"]
[BlackElo "2049"]
[PlyCount "73"]
[EventDate "2010.09.04"]
[EventType "swiss"]
[EventRounds "9"]
[EventCountry "ESP"]
[Source "lmi"]
[SourceDate "2010.09.04"]

1. e4 e5 2. Nf3 Nc6 3. Bb5 a6 4. Ba4 Nf6 5. O-O Nxe4 6. d4 b5 7. Bb3 d5 8. dxe5
Be6 9. Nbd2 Nc5 10. c3 g6 11. Bc2 Bg7 12. Re1 O-O 13. Nf1 Nd7 14. Bg5 Qc8 15.
Bf4 Qb7 16. h3 a5 17. Qd2 a4 18. a3 Na5 19. Bh6 Nc4 20. Qf4 Nxb2 21. Qh4 Rfe8
22. Ng3 Nc4 23. Bxg7 Kxg7 24. Qg5 h6 25. Nh5+ Kh7 26. Qh4 Rh8 27. Bxg6+ Kg8 28.
Qg3 Kf8 29. Bxf7 Bxf7 30. Qg7+ Ke7 31. e6 Raf8 32. exf7+ Kd8 33. Nf4 Nd6 34.
Ne6+ Kc8 35. Nxf8 Rxf8 36. Re7 Qc6 37. Rxd7 1-0